000 00459nab a2200145Ia 4500
003 ES-SlBCS
005 20210601134618.0
008 140529s1997 xxu||||| |||| 00| 0 spa d
041 _aspa
100 1 _aMenini D., Marino
_926939
245 0 0 _aFilosofía de la Historia en Jacques Maritain
_c Marino Menini D.
600 1 _aMaritain, Jacques-Filosofía de la Historia
_9220411
773 0 _tAnthropos
_gvol. 18, nº. 34, 1997, págs. 5-25
_wRev38
942 _cAR
999 _c615260
_d615260